| 000 | 00000nam 2200000zi 4500 |
| 001 | 9.944173 |
| 003 | CaOODSP |
| 005 | 20250108152141 |
| 006 | m o d f |
| 007 | cr |n||||||||| |
| 008 | 241016t20242024onca ob f000 0 eng d |
| 020 | |a9780660740423 |
| 040 | |aCaOODSP|beng|erda|cCaOODSP |
| 043 | |an-cn--- |
| 086 | 1 |aM144-331/2024E-PDF |
| 245 | 04|aThe Canada green buildings strategy : |btransforming Canada's buildings sector for a net-zero and resilient future. |
| 264 | 1|a[Ottawa] : |bNatural Resources Canada = Ressources naturelles Canada, |c[2024] |
| 264 | 4|c©2024 |
| 300 | |a1 online resource (44 pages) : |billustrations |
| 336 | |atext|btxt|2rdacontent |
| 337 | |acomputer|bc|2rdamedia |
| 338 | |aonline resource|bcr|2rdacarrier |
| 500 | |aIssued also in French under title: La stratégie canadienne pour les bâtiments verts : transformer le secteur canadien du bâtiment pour un avenir carboneutre et résilient. |
| 504 | |aIncludes bibliographical references. |
| 650 | 0|aSustainable buildings|xGovernment policy|zCanada. |
| 650 | 0|aCarbon dioxide mitigation|xGovernment policy|zCanada. |
| 650 | 0|aGreenhouse gas mitigation|xGovernment policy|zCanada. |
| 710 | 1 |aCanada. |bNatural Resources Canada, |eissuing body. |
| 775 | 08|tLa stratégie canadienne pour les bâtiments verts : |w(CaOODSP)9.944177 |
| 856 | 40|qPDF|s2.82 MB|uhttps://publications.gc.ca/collections/collection_2025/rncan-nrcan/M144-331-2024-eng.pdf |
| 856 | 4 |qHTML|sN/A|uhttps://natural-resources.canada.ca/transparency/reporting-and-accountability/plans-and-performance-reports/departmental-strategies/the-canada-green-buildings-strategy-transforming-canadas-buildings-sector-for-net-zer/26065 |